Монгол хүн Д.Нацагдорж (Бичлэгийн дугаар. 1054950)
[ энгийн харах ]
| 000 -Удирдлага | |
|---|---|
| Ном зүйн бүртгэл тоо буюу кодлох утгыг агуулсан | 00775nam a22002297a 4500 |
| 008 - ЕРӨНХИЙ МЭДЭЭЛЭЛ-ЭЛЕМЕНТҮҮДИЙН ӨГӨГДЛИЙН УРТ | |
| fixed length control field | 240620b mp ||||| |||| 00| 0 mon d |
| 020 ## - ОЛОН УЛСЫН СТАНДАРТ НОМЫН ДУГААР-ISBN | |
| Олон Улсын Стандарт Номын Дугаар | 978-9919-517-42-7 |
| 035 ## - СИСТЕМИЙН ХЯНАЛТЫН ДУГААР | |
| Системийн хяналтын дугаар | 21260 |
| 040 ## - ЭХ СУРВАЛЖИЙГ ТОДОРХОЙЛОН БИЧИХ | |
| Анхны каталогийн байгууллага | UM0146080 |
| Каталогийн хэл | Монгол |
| Бичлэг хийж нэвтрүүлэх байгууллага | MN-UlNLM |
| Өөрчлүүлэх байгууллага | MN-UlNLM |
| Бичиглэлийн тодорхойлолт | rda |
| 041 ## - ХЭЛНИЙ КОД | |
| Текстийн хэлний код/фонограм буюу салангид гарчиг | Монгол |
| 042 ## - AUTHENTICATION CODE | |
| Authentication code | 81596 |
| 084 ## - БУСАД АНГИЛЛЫН ДУГААР | |
| Ангиллын нэр | Номын сан номзүйн ангилал |
| Анги | 63.3/5Мон/6-8 |
| Зохиогчийн 3-н тэмдэгт | Т594 |
| 100 ## - ЗОХИОГЧИЙН ХЭСЭГ | |
| Зохиогчийн нэр | Төрмөнх Б. |
| 245 #0 - ҮНДСЭН ГАРЧИГ | |
| Гарчиг | Монгол хүн Д.Нацагдорж |
| 264 ## - ГАРАЛТЫН МЭДЭЭ | |
| Хэвлэгдсэн газар | УБ |
| Бүтээгч, хэвлэгч, түгээгч, үйлдвэрлэгчийн нэр | АДМОН ПРИНТ ХХК |
| Хэвлэгдсэн он | 2022 |
| 300 ## - ТООНЫ МЭДЭЭ | |
| Хуудасны тоо | 63х. |
| 336 ## - АГУУЛГЫН ТӨРӨЛ | |
| Нөөц | rdacontent |
| Агуулгын төрлийн нөхцөл | text |
| Агуулгын төрлийн код | txt |
| 337 ## - MEDIA TYPE | |
| Эх сурвалж | rdamedia |
| Файлын төрөл | unmediated |
| Файлын код | n |
| 338 ## - CARRIER TYPE | |
| Source | rdacarrier |
| Carrier type term | volume |
| Carrier type code | nc |
| 942 ## - ЭЛЕМЕНТИЙН ТӨРӨЛ | |
| Анги | Номын сан номзүйн ангилал |
| Төрөл | Ном |
| Буцаан татагдсан төлөв | Хасагдсан шалтгаан | Гэмтсэн төлөв | Данс заагч | Захиалах боломжгүй | Үндсэн номын сан | Одоогийн байршил | Салбар танхим | Салбар танхим | Бүртгэсэн огноо | Тавиурын заалт | Баркод | Үнэ | Хамгийн сүүлд байсан огноо | Нийт уншлаганд гарсан тоо | Дансны дугаар | Төрөл | Хамгийн сүүлд уншлаганд гарсан огноо |
|---|---|---|---|---|---|---|---|---|---|---|---|---|---|---|---|---|---|
| Өмнөговь аймаг | Өмнөговь аймаг | Өмнөговь | Хүүхдийн уншлагын танхим | Өмнөговь | Хүүхдийн уншлагын танхим | 2024-07-01 | 63.3/5Мон/6-8 Т594 | UM01421260-2-1 | 22900.00 | 2024-07-01 | 92088 | Ном | |||||||
| Өмнөговь аймаг | Өмнөговь аймаг | Өмнөговь | Гэрээр ном олгох | Өмнөговь | Гэрээр ном олгох | 2024-07-01 | 63.3/5Мон/6-8 Т594 | UM01421260-3-1 | 22900.00 | 2024-07-01 | 92087 | Ном | |||||||
| Өмнөговь аймаг | Өмнөговь аймаг | Өмнөговь | Фонд | Өмнөговь | Фонд | 2024-07-01 | 63.3/5Мон/6-8 Т594 | UM01421260-5-1 | 22900.00 | 2026-03-24 | 1 | 93008 | Ном | 2026-03-24 |